Bandiere delle Regioni - Statistics

Statistiche generali
  • Questo quiz è stato fatto 66 volte
  • Il punteggio medio è 16 su 20
Statistiche sulle risposte
con Immagini Risposta % Corretto
Sicilia
100%
Sardegna
98%
Calabria
94%
Molise
94%
Puglia
94%
Emilia-Romagna
92%
Lazio
92%
Marche
92%
Lombardia
90%
Veneto
88%
Piemonte
78%
Trentino-Alto Adige
76%
Valle d'Aosta
66%
Toscana
64%
Abruzzo
60%
Umbria
58%
Friuli-Venezia Giulia
56%
Liguria
56%
Basilicata
54%
Campania
50%
Nessun quiz corrispondente trovato
Distribuzione punteggi
Percentuale di utenti per punteggio
Percentile per numero di risposta
I tuoi punteggi nel tempo
Non hai fatto questo quiz